MARC

LEADER 00000nam0a2200000 4500
001 179978
005 20231101223520.0
035 |a (RuTPU)RU\TPU\book\195096 
090 |a 179978 
100 |a 20100504d1968 m y0rusy50 ca 
101 0 |a rus 
102 |a RU 
105 |a a z 000zy 
200 1 |a Из царства Атея в Неаполь Скифский  |f А. А. Штамбок 
210 |a Москва  |c Советский художник  |d 1968 
215 |a 168 с.  |c ил. 
225 1 |a Страницы истории искусств 
606 |a Археологические экспедиции  |y Россия  |2 stltpush  |3 (RuTPU)RU\TPU\subj\69698  |9 84407 
610 1 |a открытия 
610 1 |a ученые 
610 1 |a легенды 
610 1 |a искусство 
610 1 |a путешествия 
610 1 |a курганы 
610 1 |a захоронения 
610 1 |a памятники истории 
686 |a Т48(2)  |2 rubbk 
700 1 |a Штамбок  |b А. А.  |g Анатолий Аронович 
801 1 |a RU  |b 63413507  |c 20100504 
801 2 |a RU  |b 63413507  |c 20180412  |g RCR 
942 |c BK